000 00628nam a2200217Ia 4500
008 191119s9999 xx 000 0 und d
020 _a978-971-98-1072-8
050 _aFIL QA 37.2
050 _b.B35 2018
100 _aBaltazar, Ethel Cecille.
245 0 _aMathematics in the modern world /
245 0 _cEthel Cecille Baltazar, Carmelita Ragasa, and Justina Evangelista.
260 _aPhilippines :
260 _bC&E Publishing,
260 _c2018
300 _a270 pages :
300 _billustrations ;
300 _c22 cm.
500 _aIncludes bibliographic references and index.
650 _aMathematics.
999 _c363095
_d363095